Statystyki dla Marvel Comics 2.0

Kliknij tutaj aby rozwiązać quiz!

Ogólne statystyki

  • Ten quiz został rozwiązany 21 razy
  • Średni wynik to 26 z 48

Statystyki odpowiedzi

Odpowiedź% Poprawnych
Adam Warlock
100%
Agent 13
100%
Annihilus
100%
Araña
100%
Ares the God of War
100%
Attuma
100%
Baron Mordo
100%
Black Panther
100%
Black Widow
100%
Chewie
100%
Cosmo the Spacedog
100%
Cyclops
100%
Daredevil
100%
Deadpool
100%
Dormammu
100%
Echo
100%
Fin Fang Foom
100%
Firestar
100%
Gamora
100%
Ghost
100%
Ghost Rider
100%
Ghost Spider
100%
Hawkeye
100%
Hawkeye
100%
Heimdall
100%
Howard the Duck
100%
Hulk
100%
Invisible Woman
100%
Ironheart
100%
Iron Man
100%
Jessica Jones
100%
Kang the Conqueror
100%
Kingpin
100%
Lady Deadpool
100%
Lizard
100%
Mighty Thor
100%
Mister Fantastic
100%
Mister Immortal
100%
Moon Knight
100%
Morbius the Living Vampire
100%
Ms. America
100%
Ms. Marvel
100%
Ms. Marvel
100%
Mysterio
100%
Nebula
100%
Nick Fury Jr.
100%
Odin Borson
100%
Okoye
100%
Prowler
100%
Quicksilver
100%
Scarlet Spider
100%
Scarlet Witch
100%
Scorpion
100%
Shang-Chi
100%
Silver Surfer
100%
Spider-Man
100%
Spider-Man
100%
Stan "The Man" Lee
100%
Striker
100%
Super-Skrull
100%
Taskmaster
100%
The Punisher
100%
The Sentry
100%
The Spot
100%
US Agent
100%
Vision
100%
Wasp
100%
White Tiger
100%
Winter Soldier
100%
Thor Odinson
86%
Hela
83%
Agent Anti-Venom
75%
Agent Coulson
75%
Arnim Zola
75%
Colossus
75%
Nick Fury Sr.
75%
Sandman
75%
She-Hulk
75%
Speed
75%
Spider-Ham
75%
Thunderstrike
75%
Uatu the Watcher
75%
Yondu Udonta
75%
Namor
71%
Baron Zemo
67%
Beast
67%
Blade
67%
Blob
67%
Bullseye
67%
Cable
67%
Captain Britain
67%
Captain Marvel
67%
Carnage
67%
Domino
67%
Drax the Destroyer
67%
Ebony Maw
67%
Elektra
67%
Emma Frost
67%
Groot
67%
Gwenpool
67%
Hyperion
67%
Iceman
67%
Isaiah Bradley
67%
J. Jonah Jameson
67%
Loki
67%
Luke Cage
67%
Magneto
67%
Mephisto
67%
M.O.D.O.K.
67%
Mystique
67%
Purple Man
67%
Red Hulk
67%
Rocket Raccoon
67%
Silver Samurai
67%
Spider-Girl
67%
Stinger
67%
Storm
67%
The Human Torch
67%
The Thing
67%
Throg
67%
Vulture
67%
Angel
60%
Electro
60%
Red Skull
60%
Spider-UK
60%
War Machine
60%
Wolverine
60%
Sauron
57%
Beetle
50%
Black Bolt
50%
Black Cat
50%
Crossbones
50%
Doc Ock
50%
Doctor Strange
50%
Ego the Living Planet
50%
Forbush Man
50%
Gold Goblin
50%
Gorr the God Butcher
50%
Hammerhead
50%
Ikaris
50%
Jean Grey
50%
Jocasta
50%
Juggernaut
50%
Kraven the Hunter
50%
Lockjaw
50%
Magik
50%
Mister Negative
50%
Nightcrawler
50%
Nova
50%
Photon
50%
Polaris
50%
Powerhouse
50%
Professor X
50%
Pyro
50%
Radioactive Man
50%
Rawhide Kid
50%
Sabertooth
50%
Silk
50%
Songbird
50%
Spider-Man 2099
50%
Thanos
50%
Tombstone
50%
Triton
50%
Venom
50%
Yellowjacket
50%
Silver Sable
43%
Clea
40%
Madame Web
40%
Mary Jane Watson
40%
Moondragon
40%
Nico Minoru
40%
Spider-Woman
40%
8-Ball
33%
A-Bomb
33%
Black Knight
33%
Count Nefaria
33%
Galactus
33%
Gambit
33%
Hulkling
33%
Jack of Hearts
33%
Klaw
33%
Korvac
33%
Lightspeed
33%
Quasar
33%
Red Guardian
33%
Rogue
33%
Scarlet Spider
33%
Swordsman
33%
The Hood
33%
Ultron
33%
Wiccan
33%
High Evolutionary
29%
Beta Ray Bill
25%
Blazing Skull
25%
Brother Voodoo
25%
Captain Universe
25%
Impossible Man
25%
Iron Fist
25%
Malekith the Accursed
25%
Medusa
25%
Skurge the Executioner
25%
Starhawk
25%
Vance Astro
25%
Whirlwind
25%
Fantomex
20%
Machine Man
20%
3-D Man
0%
Alex Power
0%
Apocalypse
0%
Battlestar
0%
Butterball
0%
Captain America
0%
Darkhawk
0%
Destroyer
0%
Devil Dinosaur
0%
Doctor Doom
0%
Hank Pym
0%
Hazmat
0%
Hercules
0%
Hit-Monkey
0%
Human Torch
0%
Jackal
0%
Jormungand
0%
Justice
0%
Khonshu
0%
Knull
0%
Korath the Pursuer
0%
Kurse
0%
Lady Bullseye
0%
Lady Octopus
0%
Mandarin
0%
Man-Thing
0%
Mantis
0%
Marvel Boy
0%
Melter
0%
Mettle
0%
Mister Sinister
0%
Misty Knight
0%
Moon Girl
0%
Nighthawk
0%
Nightmare
0%
Omega Red
0%
Phantom Rider
0%
Psylocke
0%
Reptil
0%
Rescue
0%
Rhino
0%
Ronan the Accuser
0%
Sersi
0%
Speedball
0%
Spider-Man Noir
0%
Squirrel Girl
0%
Starbrand
0%
Star-Lord
0%
Supreme Intelligence
0%
Swarm
0%
Trapster
0%
Two Gun Kid
0%
Valkyrie
0%
White Wolf
0%
Whizzer
0%
Wonder Man
0%
Wrecker
0%

Rozkład punktacji

Percentyl według liczby udzielonych odpowiedzi

Procent ludzi z każdym wynikiem

Twoja historia wyników

Nie rozwiązałeś tego quizu